000 00788nam a22002297a 4500
001 126181
003 UA-OsUOA
005 20220410221846.0
007 ta
008 20171010b un ||||| |||| 00| 0 ukr d
040 _aUA-OsUOA
_bukr
_cUA-OsUOA
_dUA-OsUOA
041 _aukr
080 _a821.161.2
090 _a821.161.2
_bВ38
245 _aВесела Січ
_bсміхопис міжнародної асоціації українських гумористів і сатириків
_n№3–4
260 _aЗапоріжжя
_bДніпровський металург
_c2007
300 _a180 с.
650 7 _a82 Література. Літературознавство
_2UDC
942 _cBK
_2udc
955 _a3
999 _c413404
_d413404